A world challenged : (Record no. 59290)
[ view plain ]
| 000 -LEADER | |
|---|---|
| fixed length control field | 00563nam a2200217 454500 |
| 001 - CONTROL NUMBER | |
| control field | 059290 |
| 003 - CONTROL NUMBER IDENTIFIER | |
| control field | BD-ChCU |
| 008 - FIXED-LENGTH DATA ELEMENTS--GENERAL INFORMATION | |
| fixed length control field | Eng |
| 020 ## - INTERNATIONAL STANDARD BOOK NUMBER | |
| International Standard Book Number | 0815771940 |
| 040 ## - CATALOGING SOURCE | |
| Original cataloging agency | DLC |
| Transcribing agency | DLC |
| Modifying agency | BD-ChCU |
| 082 00 - DEWEY DECIMAL CLASSIFICATION NUMBER | |
| Classification number | 363.32/P952w |
| 100 1# - MAIN ENTRY--PERSONAL NAME | |
| Personal name | Primakov, Yevgeny M |
| Numeration | x |
| 245 10 - TITLE STATEMENT | |
| Title | A world challenged : |
| Remainder of title | fighting terrorism in the twenty first century |
| 250 ## - EDITION STATEMENT | |
| Edition statement | x |
| 260 ## - PUBLICATION, DISTRIBUTION, ETC. | |
| Place of publication, distribution, etc. | Washington, D.C |
| Name of publisher, distributor, etc. | Brookings Institution press |
| Date of publication, distribution, etc. | 2004 |
| 300 ## - PHYSICAL DESCRIPTION | |
| Extent | viii, 150 |
| 504 ## - BIBLIOGRAPHY, ETC. NOTE | |
| Bibliography, etc. note | Includes |
| 650 #0 - SUBJECT ADDED ENTRY--TOPICAL TERM | |
| Topical term or geographic name entry element | Terrorism-Provention |
| Topical term following geographic name entry element | Terrorism |
| 700 1# - ADDED ENTRY--PERSONAL NAME | |
| Personal name | x |
| 942 ## - ADDED ENTRY ELEMENTS (KOHA) | |
| Source of classification or shelving scheme | Dewey Decimal Classification |
| Koha item type | Books |
| Withdrawn status | Lost status | Source of classification or shelving scheme | Damaged status | Not for loan | Home library | Current library | Shelving location | Date acquired | Source of acquisition | Total Checkouts | Full call number | Barcode | Date last seen | Copy number | Price effective from | Koha item type |
|---|---|---|---|---|---|---|---|---|---|---|---|---|---|---|---|---|
| Dewey Decimal Classification | Chittagong University Library | International Relations Seminar Library | Business and Social Science Reading Room | 06/14/2015 | purchase | 363.32/P952w | 260384 | 09/13/2015 | 1 | 09/13/2015 | Books |